000 nam a22 7a 4500
999 _c4124
_d4124
005 20170525112625.0
008 170525b1981 ny ||||| |||| 00| 0 eng d
020 _a0471042218
040 _aAKMAL
082 _a910 STE
090 _a910
_bSTE
100 1 _aSteila, Donald,
_d1939-
_98082
245 1 0 _aEarth and man, a systematic geography /
_cDonald Steila, Douglas C. Wilms, Edward P. Leahy.
260 _aNew York :
_bWiley,
_cc1981
300 _aix, 437 p. :
_b ill. ;
_c29 cm
504 _aIncludes bibliographies and index
650 0 _aGeography.
_97960
700 1 _aWilms, Douglas C.,
_ejoint author
_98083
700 1 _aLeahy, Edward P.,
_e joint author.
_98084
942 _2ddc
_cBOOK